000 00590nmm a2200193Ia 4500
008 251105s9999||||xx |||||||||||||||||und||
020 _a9788496748163
041 _aspa
100 _aLäckberg, Camilla
245 0 _aLa princesa de hielo :
_b (Los crímenes de Fjällbacka 1)
264 _a[Madrid, España] :
_bMaeva Ediciones,
_c2007
300 _a0 páginas
490 _aLos crímenes de Fjällbacka
650 _aThriller & Suspense
700 _aLäckberg, Camilla
700 1 _a Montes Cano, Carmen
856 _uhttps://public.digitaliapublishing.com/a/31611
942 _cCF
999 _c67593
_d67593